Brno Architektura Architecture 1945-1990 /

Enregistré dans:
Détails bibliographiques
Autres auteurs: Vrabelová, Renata (Éditeur intellectuel)
Format: Livre
Langue:tchèque
Publié: Brno : Centrum architektury Architecture Centre, 2009
Sujets:
Tags: Ajouter un tag
Pas de tags, Soyez le premier à ajouter un tag!

MARC

LEADER 00000nam a22000003a 4500
001 0012927
003 SK-STU
005 20160526112954.0
007 ta
008 160224s ----xo-----e------000-0-----d
020 |a 978-80-254-5996-6 
040 |a STU  |b slo 
041 0 |a cze 
044 |a xr 
245 1 0 |a Brno Architektura Architecture 1945-1990 /  |c ed. Renata Vrabelová 
260 |a Brno :  |b Centrum architektury Architecture Centre,  |c 2009 
300 |a 262 s. 
650 0 7 |a architektúra Česko 
650 0 7 |a hotel 
650 0 7 |a nemocnica 
650 0 7 |a škola 
650 0 7 |a pavilón 
650 0 7 |a sídlisko 
650 0 7 |a športový areál 
650 0 7 |a ZOO 
700 1 |a Vrabelová, Renata  |4 edt 
996 |b 284AU06608  |c A* 9660/U  |l AAKNST  |s P  |a 0  |w 0012927_0001